Normal view MARC view
  • AGRICULTURAL

Entry Topical Term

Number of records used in: 14

001 - CONTROL NUMBER

  • control field: 3475

003 - CONTROL NUMBER IDENTIFIER

  • control field: OSt

005 - DATE AND TIME OF LATEST TRANSACTION

  • control field: 20160903163842.0

008 - FIXED-LENGTH DATA ELEMENTS

  • fixed length control field: 160903|| aca||aabn | a|a d

040 ## - CATALOGING SOURCE

  • Original cataloging agency: OSt
  • Transcribing agency: OSt

150 ## - HEADING--TOPICAL TERM

  • Topical term or geographic name as entry element: AGRICULTURAL

670 ## - SOURCE DATA FOUND

  • Source citation: Work cat.: (OSt): SINGH,DR,C.B AND DR R.K 3474, A TEXT BOOK OF AGRICULTURAL ECONOMICS, 2011